La universidad como empresa: una revolución pendiente
Guardat en:
| Autor principal: | |
|---|---|
| Format: | Llibre |
| Idioma: | espanyol |
| Publicat: |
Madrid
Rialp
1990
|
| Col·lecció: | Colección Empresa y Humanismo, 5
|
| Matèries: | |
| Etiquetes: |
Afegir etiqueta
Sense etiquetes, Sigues el primer a etiquetar aquest registre!
|
MARC
| LEADER | 00000nam a2200000 a 4500 | ||
|---|---|---|---|
| 001 | UCW7209 | ||
| 003 | CL-VaPUC | ||
| 008 | 920925e19900000SP |||||||||||||||||spa|d | ||
| 082 | 0 | 4 | |a 378 |b CAL |2 21 |
| 100 | 0 | |a Calleja, Tomás |e author |9 312379 | |
| 245 | 1 | 3 | |a La universidad como empresa: una revolución pendiente |
| 300 | |a 162 p | ||
| 942 | |c BK | ||
| 945 | |d 19920925 00:00:00 | ||
| 260 | |a Madrid |b Rialp |c 1990 | ||
| 650 | 0 | |a Educación superior |9 223851 | |
| 583 | |a last modification |c 19920925 00:00:00 |k Rodrigo Vera | ||
| 490 | 0 | |a Colección Empresa y Humanismo, 5 | |
| 999 | |c 220059 |d 220057 | ||
| 952 | |0 0 |1 0 |4 0 |6 378_000000000000000_CAL_1990 |7 0 |8 A |9 211803 |a BIBEDU |b BIBEDU |d 2019-11-15 |i 279943K |o 378 CAL 1990 |p 279943K |r 2019-11-15 |w 2019-11-15 |y BK |k EDU | ||